00701cpcaa2200241 4500001001300000003000400013005001700017008004100034010001700075040002400092072001200116100003100128245003100159300001400190506002200204520001100226545003900237546003600276580005700312650001200369656006100381999001700442mm 78005029 DLC20260227111620.0790105|||||||||||| eng  amm 78005029  aDLCcDLCedacsdDLC 7aR2lcmd1 aBaker, Robert,d1862-1943.00aRobert Baker poems,f1942. a2fitems.0 aOpen to research.8 aPoems.0 aU.S. representative from New York. aCollection material in English. aForms part of: Miscellaneous Manuscripts collection. 0aPoetry. 7aRepresentatives, U.S. CongresszNew York (State)2itoamc c39677d39677